Ronald Coase Institute na Ekonomickej univerzite v Bratislave

Informácia o workshope, ktorý bol zameraný na inštitucionálnu ekonómiu v týždni od 10. - do15. mája 2009. Odborná verejnosť mala príležitosť stretnúť sa so špičkovými odborníkmi z tejto oblasti počas tradičných Bratislava Open Lectuers Series.

Uložené v:
Podrobná bibliografia
Hlavný autor: Péliová, Jana, 1976-
Ďalší autori: Kováč, Urban
Médium: Kapitola
Jazyk:Slovak
Predmet:
Tagy: Pridať tag
Žiadne tagy, Buďte prvý, kto otaguje tento záznam!

MARC

LEADER 00000naa$a2200000$$$4500
001 0106384
005 20240502072159.4
041 0 |a slo 
044 |a SK 
245 1 0 |a Ronald Coase Institute na Ekonomickej univerzite v Bratislave  |c Jana Péliová, Urban Kováč 
520 |a Informácia o workshope, ktorý bol zameraný na inštitucionálnu ekonómiu v týždni od 10. - do15. mája 2009. Odborná verejnosť mala príležitosť stretnúť sa so špičkovými odborníkmi z tejto oblasti počas tradičných Bratislava Open Lectuers Series. 
610 2 0 |a veda ekonomická 
610 2 0 |a kríza finančná 
610 2 0 |a konferencie 
610 2 0 |a inštitucionalizmus 
610 2 0 |a rozvoj sociálno-ekonomický 
610 2 0 |a globalizácia 
100 1 |a Péliová, Jana, 1976- 
700 1 |a Kováč, Urban